[Event "GER-ch39 V06 email"]
[Site "GER email"]
[Date "2007.05.16"]
[Round "?"]
[White "Bensiek, Norbert"]
[Black "Gericke, Rolf"]
[Result "1/2-1/2"]
[WhiteElo "2076"]
[BlackElo "2130"]
[PlyCount "100"]
[EventDate "2007.??.??"]
[EventType "tourn (corr)"]
[EventRounds "10"]
[EventCountry "GER"]
[SourceTitle "Corr 2011"]
[Source "ChessBase"]
[SourceDate "2010.08.31"]
[SourceVersion "1"]
[SourceVersionDate "2010.08.31"]
[SourceQuality "1"]

1. c4 e5 2. Nc3 Nc6 3. Nf3 Nf6 4. g3 Bb4 5. Bg2 0-0 6. 0-0 e4 7. Ng5 Bxc3 8. bxc3 Re8 9. Qc2 Qe7 10. d3 exd3 11. exd3 h6 12. Nf3 d6 13. Nd4 Nxd4 14. cxd4 c6 15. h3 d5 16. Bf4 Bf5 17. Qb3 Rad8 18. c5 Qd7 19. Kh2 b6 20. Rfe1 Rxe1 21. Rxe1 b5 22. Qc3 Ne8 23. Qd2 Ra8 24. g4 Bh7 25. Re3 Nc7 26. Qa5 Ne8 27. Qe1 Kf8 28. Bg3 a5 29. f4 f5 30. Bf3 Qf7 31. Re6 fxg4 32. Bxg4 h5 33. Bd1 Rc8 34. Re3 a4 35. Bh4 Nf6 36. Bxf6 Qxf6 37. Bxh5 Bg6 38. Bxg6 Qxg6 39. Qh4 Kg8 40. Rg3 Qf7 41. Qg5 Re8 42. f5 a3 43. f6 Re2+ 44. Kg1 Re6 45. Qxg7+ Qxg7 46. Rxg7+ Kf8 47. h4 Re1+ 48. Kh2 Re2+ 49. Kg3 Rxa2 50. Ra7 b4 1/2-1/2